| 000 | 00484 a2200157 4500 | ||
|---|---|---|---|
| 999 |
_c3015 _d3015 |
||
| 020 | _a9780131961593 | ||
| 050 | _aGE 105 WRI 2008 | ||
| 100 |
_aWright, Richard T. _eauthor |
||
| 245 |
_aEnvironmental Science / _cRichard T. Wright |
||
| 250 | _a10th ed. | ||
| 264 |
_aLondon _bPearson prentice hall, _c2008 |
||
| 300 |
_axxii, 682p. _bill. (col.) |
||
| 500 | _aincludes bibliographical references and index | ||
| 650 | _aenvironmental science | ||
| 942 |
_2lcc _cBK _e10th ed. _h105 _iWRI _kGE |
||